| 000 | 00493nam a2200181Ia 4500 | ||
|---|---|---|---|
| 005 | 20250326141147.0 | ||
| 008 | 250326s9999 xx 000 0 und d | ||
| 037 | _aTextbook | ||
| 040 |
_aFMSL _beng _cFMSL |
||
| 041 |
_aeng _2eng |
||
| 084 |
_aX.44 L9 _qFMSL |
||
| 100 |
_aBatra R N _9285233 |
||
| 245 | 0 |
_aProut and economic reform in India _cBatra R N |
|
| 260 |
_aNew Delhi _bNew Delhi, Khosla _c1979 |
||
| 300 | _a140p | ||
| 942 |
_cTB _hX.44 L9 |
||
| 999 |
_c1288988 _d1288988 |
||